000 006070000a22001930004500
090 _aAR
_b02935
245 1 0 _aAnalyzing wildlife movement corridors in montana using GIS
650 1 4 _aCorredores ecológicos
_975249
650 1 4 _aConectividad
_95460
650 1 4 _aMovilidad
_993720
650 1 4 _aEvaluación de Corredores ecológicos
_996366
650 1 4 _aSistemas de información geográfica
_992253
651 4 _dMontana
_pEstados Unidos
_992749
041 0 _aInglés
700 1 _aCraighcad, Lance
_996480
100 1 _aWalker, Richard
_996481
942 _cARTICULO
773 1 _tPreprint
_33
_q1-10
_d1993?
999 _c11994
_d11994